000 00852cam a2200241 4500
001 ABS61540
008 000000n1999 000 0 eng u
035 _a(Sirsi) u102908
100 _aRodgers, C.P.
245 _aEnvironmental management of common land: towards a new legal framework?
260 _c1999
490 _aJournal of Environmental Law
_v11(2) 1999, 231-255(13)
520 _aOutlines measures which the author suggests should be implemented in order to clarify the environmental management of common land, which can have great environmental significance.
590 _aABS
650 _aCOMMON LAND
650 _aENVIRONMENTAL MANAGEMENT
650 _aNATURE CONSERVATION
650 _aGRAZING RIGHTS
650 _aREFORM
650 _aMANAGEMENT AGREEMENTS
690 _aENVIRONMENTAL AND LAND CONSULTANCY
942 _n0
999 _c61846
_d61846